One Piece Arcs - Statistics

General Stats
  • This quiz has been taken 16,887 times
    9,075 since last reset
  • The average score is 20 of 33
Answer Stats
Answer % Correct
Wano
85%
Alabasta
83%
Egghead
77%
Marineford
77%
Water 7
77%
Arlong Park
73%
Dressrosa
73%
Baratie
70%
Whole Cake Island
68%
Enies Lobby
67%
Impel Down
67%
Elbaph
66%
Fish-Man Island
66%
Thriller Bark
66%
Skypiea
65%
Sabaody
64%
Orange Town
63%
Romance Dawn
63%
Punk Hazard
62%
Zou
60%
Syrup Village
58%
Drum Island
57%
Loguetown
55%
Little Garden
52%
Amazon Lily
50%
Whisky Peak
50%
Jaya
49%
Reverse Mountain
45%
Long Ring Long Land
42%
Return To Sabaody
37%
Reverie
35%
Post-Enies Lobby
33%
Post-War
31%
No matching quizzes found
Score Distribution
Percent of People with Each Score
Percentile by Number Answered
Your Score History
You have not taken this quiz since the last reset